000 00644nam a2200241Ia 4500
003 OSt
005 20221005035956.0
006 a|||||r|||| 00| 0
007 ta
008 221004b |||||||| |||| 00| 0 eng d
024 _a70789
037 _cTextual
040 _aCRL
_cCRL
_beng
041 _2eng
_aeng
082 _aY5927:4'N9, N4
100 _aYadav K C
245 0 _aIndia's unequal citizens
_b A study of other backward classes
260 _aDelhi
_bManohar India
_c1994
300 _avii,426 p
_ccm.
650 _aSOCIOLOGY
942 _hY5927:4'N9, N4
_cTEXL
_2cc
999 _c946132
_d946132